|
|
|
|
| LEADER |
00807nab a2200217 i 4500 |
| 001 |
misc73846 |
| 005 |
20241018111757.0 |
| 008 |
240118s1950 hu o 000 eng d |
| 040 |
|
|
|a SZTE Miscellanea Repozitórium
|b hun
|
| 041 |
|
|
|a eng
|
| 100 |
1 |
|
|a Morgan Councilman
|
| 245 |
1 |
0 |
|a Macromolecular arrangement within muscle
|h [elektronikus dokumentum] /
|c Morgan Councilman
|
| 260 |
|
|
|a American Association for the Advancement of Science
|b Washington, D.C.
|c 1950-02-24
|
| 300 |
|
|
|a 201-202
|
| 490 |
0 |
|
|a Science
|v 111 No. 2878
|
| 561 |
|
|
|a Szent-Györgyi Albert tudományos és egyéb írásai
|
| 695 |
|
|
|a Izom
|
| 700 |
0 |
1 |
|a Rozsa George
|e aut
|
| 700 |
0 |
2 |
|a Szent-Györgyi Albert
|e aut
|
| 700 |
0 |
2 |
|a Wyckoff Ralph W. G.
|e aut
|
| 856 |
4 |
0 |
|u http://misc.bibl.u-szeged.hu/73846/1/szgya_magyar_221.pdf
|z Dokumentum-elérés
|